[Event "AUT-chT2O 1011"]
[Site "Austria"]
[Date "2011.03.13"]
[Round "11.6"]
[White "Batyte, Daiva"]
[Black "Schwaninger, Wolfgang"]
[Result "1/2-1/2"]
[WhiteElo "2167"]
[BlackElo "2146"]
[PlyCount "109"]
[EventDate "2010.10.02"]
[EventType "team-tourn"]
[EventRounds "11"]
[EventCountry "AUT"]
[SourceTitle "EXT 2012"]
[Source "ChessBase"]
[SourceDate "2011.11.24"]
[SourceVersion "1"]
[SourceVersionDate "2011.11.24"]
[SourceQuality "1"]
[WhiteTeam "Wieden"]
[BlackTeam "Tschaturanga"]
[WhiteTeamCountry "AUT"]
[BlackTeamCountry "AUT"]

1. c4 g6 2. Nc3 Bg7 3. g3 d6 4. Bg2 Nf6 5. d4 c6 6. Nf3 0-0 7. 0-0 Nbd7 8. e4 e5 9. h3 Qe7 10. dxe5 Nxe5 11. Nxe5 dxe5 12. Be3 Be6 13. b3 Rfd8 14. Qc2 b6 15. Rad1 Nh5 16. Rxd8+ Rxd8 17. Rd1 Rd7 18. Kh2 Qd8 19. Rxd7 Qxd7 20. c5 b5 21. b4 Bc4 22. a4 a6 23. axb5 axb5 24. Qd2 Qxd2 25. Bxd2 Kf8 26. Nd1 Nf6 27. Ne3 Bd3 28. f3 h5 29. h4 Ke8 30. Kg1 Kd7 31. Bc3 Ne8 32. Bh3+ Ke7 33. Kf2 f6 34. Nd1 Bh6 35. Ne3 Nc7 36. Bd2 Kd8 37. Bc3 Na6 38. Be6 Ke7 39. Bb3 Nc7 40. Ba2 Ne6 41. Bxe6 Kxe6 42. Bd2 Bg7 43. Nd1 f5 44. Nc3 Bf8 45. Bg5 Bg7 46. Ke3 Bc4 47. Kd2 Bf6 48. Bxf6 Kxf6 49. exf5 gxf5 50. Ke3 Ke6 51. Nd1 Ba2 52. Nc3 Bb3 53. f4 Bc2 54. Kd2 Be4 55. Ke3 1/2-1/2

[Event "AUT-chT2O 1011"]
[Site "Austria"]
[Date "2011.01.29"]
[Round "8.5"]
[White "Hangweyrer, Manfred"]
[Black "Schwaninger, Wolfgang"]
[Result "1-0"]
[WhiteElo "2334"]
[BlackElo "2146"]
[PlyCount "59"]
[EventDate "2010.10.02"]
[EventType "team-tourn"]
[EventRounds "11"]
[EventCountry "AUT"]
[SourceTitle "EXT 2012"]
[Source "ChessBase"]
[SourceDate "2011.11.24"]
[SourceVersion "1"]
[SourceVersionDate "2011.11.24"]
[SourceQuality "1"]
[WhiteTeam "Pamhagen"]
[BlackTeam "Tschaturanga"]
[WhiteTeamCountry "AUT"]
[BlackTeamCountry "AUT"]

1. e4 g6 2. Nc3 Bg7 3. f4 d6 4. Nf3 c5 5. Bb5+ Bd7 6. Bc4 Nc6 7. 0-0 Nd4 8. a4 a6 9. d3 e6 10. f5 gxf5 11. exf5 Nxf5 12. Ng5 Bd4+ 13. Kh1 h6 14. Nxf7 Qh4 15. Rxf5 exf5 16. Nxh8 Bxh8 17. Bxg8 0-0-0 18. Bd5 Be5 19. h3 Qg3 20. Qg1 Re8 21. Bd2 Bd4 22. Qh2 Qh4 23. Qf4 Qe7 24. Qf3 Qh4 25. Bxb7+ Kc7 26. Bxa6 Bc6 27. Nd5+ Kb8 28. Bb5 Re2 29. Bxc6 Rxd2 30. Qxf5 1-0

[Event "AUT-chT2O 0910"]
[Site "Austria"]
[Date "2010.03.28"]
[Round "9.6"]
[White "Schwaninger, Wolfgang"]
[Black "Ligezinski, Martin"]
[Result "1-0"]
[WhiteElo "2151"]
[BlackElo "2140"]
[PlyCount "141"]
[EventDate "2009.10.17"]
[EventType "team-tourn"]
[EventRounds "11"]
[EventCountry "AUT"]
[SourceTitle "EXT 2011"]
[Source "ChessBase"]
[SourceDate "2010.11.26"]
[SourceVersion "1"]
[SourceVersionDate "2010.11.26"]
[SourceQuality "1"]
[WhiteTeam "Tschaturanga"]
[BlackTeam "Wiener Neustadt"]
[WhiteTeamCountry "AUT"]
[BlackTeamCountry "AUT"]

1. d4 e6 2. g3 f5 3. Bg2 Nf6 4. c4 Be7 5. Nc3 0-0 6. Nf3 d6 7. 0-0 Qe8 8. Re1 Qg6 9. Qb3 Nc6 10. Nb5 Ne8 11. d5 Nd8 12. dxe6 Nxe6 13. Nfd4 Nc5 14. Qc2 c6 15. Nc3 Nf6 16. b4 Nce4 17. Nxe4 fxe4 18. Bf4 d5 19. cxd5 cxd5 20. Qb3 Bd7 21. Rac1 Rac8 22. Be5 Qf7 23. f3 Qh5 24. Bf4 Kh8 25. Rxc8 Rxc8 26. g4 Qg6 27. Rd1 Rc4 28. a3 Qe8 29. Qe3 Ba4 30. Rc1 Qc8 31. Rxc4 Qxc4 32. Nf5 Bd8 33. Qxa7 Qxe2 34. Qa8 Qe1+ 35. Bf1 Bb5 36. Qxd8+ Ne8 37. Ng3 e3 38. Bxe3 Qxe3+ 39. Kg2 Qd2+ 40. Be2 d4 41. Kh3 d3 42. Qe7 Qh6+ 43. Kg2 Qd6 44. Qxd6 Nxd6 45. Bd1 Nc4 46. Kf2 Nxa3 47. Ke3 Nc2+ 48. Bxc2 dxc2 49. Kd2 Bd3 50. f4 g6 51. Nh1 h5 52. Nf2 Be2 53. h3 hxg4 54. hxg4 Kg7 55. Kxc2 Kf6 56. Kc3 Ke6 57. Kd4 b6 58. Ke4 Bc4 59. Nd1 Be2 60. Ne3 b5 61. g5 Kd6 62. Nc2 Bc4 63. Nd4 Bd5+ 64. Ke3 Bc4 65. Nf3 Ba2 66. Kd4 Bb1 67. Nd2 Bc2 68. Ne4+ Bxe4 69. Kxe4 Ke6 70. f5+ gxf5+ 71. Kf4 1-0

[Event "AUT-chT2O 0809"]
[Site "Austria"]
[Date "2008.10.05"]
[Round "3.6"]
[White "Schwaninger, Wolfgang"]
[Black "Rogetzer, Klaus"]
[Result "0-1"]
[WhiteElo "2151"]
[BlackElo "2091"]
[PlyCount "64"]
[EventDate "2008.10.03"]
[EventType "team-tourn"]
[EventRounds "11"]
[EventCountry "AUT"]
[SourceTitle "EXT 2009"]
[Source "ChessBase"]
[SourceDate "2008.11.26"]
[SourceVersion "1"]
[SourceVersionDate "2008.11.26"]
[SourceQuality "1"]
[WhiteTeam "Tschaturanga"]
[BlackTeam "Wien Austria"]
[WhiteTeamCountry "AUT"]
[BlackTeamCountry "AUT"]

1. d4 Nf6 2. c4 e5 3. d5 Bb4+ 4. Bd2 Qe7 5. e3 a5 6. Nf3 0-0 7. Nc3 Na6 8. a3 Bc5 9. Na4 Ba7 10. Bxa5 d6 11. Bd2 Bd7 12. Nc3 Nc5 13. b4 Nce4 14. Be2 Nxf2 15. Kxf2 Ng4+ 16. Ke1 f5 17. Qc1 e4 18. Ng1 f4 19. Bxg4 Qh4+ 20. Kd1 Bxg4+ 21. Kc2 Qf2 22. Qe1 fxe3 23. h3 Bh5 24. g4 Bg6 25. Nge2 exd2 26. Qxf2 Rxf2 27. Kxd2 e3+ 28. Ke1 Raf8 29. Nd1 Be4 30. Rg1 Bd3 31. Ng3 R2f3 32. Nf5 e2 0-1

[Event "Zalakaros op 27th"]
[Site "Zalakaros"]
[Date "2008.05.25"]
[Round "4"]
[White "Horvath, Gyula"]
[Black "Schwaninger, Wolfgang"]
[Result "1-0"]
[WhiteElo "2398"]
[BlackElo "2175"]
[PlyCount "93"]
[EventDate "2008.05.22"]
[EventType "swiss"]
[EventRounds "9"]
[EventCountry "HUN"]
[SourceTitle "CBM 124 Extra"]
[Source "ChessBase"]
[SourceDate "2008.07.03"]
[SourceVersion "1"]
[SourceVersionDate "2008.07.03"]
[SourceQuality "1"]

1. c4 g6 2. d4 Bg7 3. e4 d6 4. Nc3 Nc6 5. Be3 e5 6. Nge2 exd4 7. Nxd4 Nge7 8. Be2 0-0 9. Qd2 Nxd4 10. Bxd4 Bxd4 11. Qxd4 Nc6 12. Qd2 Be6 13. 0-0 Qh4 14. f4 f5 15. exf5 Rxf5 16. b3 Raf8 17. g3 Qe7 18. Rae1 Qf7 19. Ne4 h6 20. Bg4 Rd8 21. Bxf5 Qxf5 22. Qg2 Rf8 23. Qd2 Qh5 24. Ng5 Bxc4 25. bxc4 hxg5 26. Qd5+ Kg7 27. Qxg5 Qh3 28. Qd5 Rh8 29. Rf2 Rh5 30. Qd3 Rf5 31. Re8 Rf6 32. Qd5 Rf7 33. Rfe2 Qg4 34. Kg2 Ne5 35. R2xe5 dxe5 36. Qxe5+ Kh6 37. Rh8+ Rh7 38. Qg5+ Qxg5 39. fxg5+ Kg7 40. Rxh7+ Kxh7 41. Kf3 Kg7 42. Ke4 Kf7 43. h4 Ke6 44. g4 c6 45. h5 gxh5 46. gxh5 b5 47. cxb5 1-0

[Event "AUT-chT2O 0708"]
[Site "Austria"]
[Date "2008.03.15"]
[Round "10.5"]
[White "Druckenthaner, Andreas"]
[Black "Schwaninger, Wolfgang"]
[Result "1-0"]
[WhiteElo "2289"]
[BlackElo "2175"]
[PlyCount "57"]
[EventDate "2007.10.20"]
[EventType "team"]
[EventRounds "11"]
[EventCountry "AUT"]
[SourceTitle "EXT 2009"]
[Source "ChessBase"]
[SourceDate "2008.11.26"]
[SourceVersion "1"]
[SourceVersionDate "2008.11.26"]
[SourceQuality "1"]
[WhiteTeam "Wien Austria"]
[BlackTeam "Tschaturanga"]
[WhiteTeamCountry "AUT"]
[BlackTeamCountry "AUT"]

1. e4 d6 2. d4 g6 3. Nf3 Bg7 4. Bc4 c6 5. Bb3 Nf6 6. Nc3 0-0 7. 0-0 Bg4 8. h3 Bxf3 9. Qxf3 e5 10. dxe5 dxe5 11. Bg5 h6 12. Be3 Qe7 13. Rad1 Nbd7 14. Rd2 Nc5 15. Bxc5 Qxc5 16. Rfd1 Qe7 17. Qd3 Rfe8 18. Qc4 Rac8 19. a4 Rc7 20. a5 Bf8 21. Qe2 Kg7 22. Qf3 Nh5 23. Ne2 Qf6 24. Qe3 Nf4 25. Ng3 Bb4 26. c3 Be7 27. Qxa7 Rd8 28. Rxd8 Bxd8 29. Qb8 1-0

[Event "AUT-chT2O 0708"]
[Site "Austria"]
[Date "2008.02.17"]
[Round "9.4"]
[White "Schwaninger, Wolfgang"]
[Black "Strodl, Joachim"]
[Result "1-0"]
[WhiteElo "2175"]
[BlackElo "2066"]
[PlyCount "111"]
[EventDate "2007.10.20"]
[EventType "team"]
[EventRounds "11"]
[EventCountry "AUT"]
[SourceTitle "EXT 2009"]
[Source "ChessBase"]
[SourceDate "2008.11.26"]
[SourceVersion "1"]
[SourceVersionDate "2008.11.26"]
[SourceQuality "1"]
[WhiteTeam "Tschaturanga"]
[BlackTeam "Mattersburg"]
[WhiteTeamCountry "AUT"]
[BlackTeamCountry "AUT"]

1. d4 g6 2. Nf3 Bg7 3. c4 d6 4. Nc3 Nc6 5. h3 e5 6. d5 Nce7 7. e4 f5 8. exf5 gxf5 9. Bg5 Nf6 10. Be2 0-0 11. Qd2 Kh8 12. h4 Ng4 13. Nh2 Qd7 14. Nxg4 fxg4 15. Ne4 Ng8 16. 0-0-0 Qa4 17. Nc3 Qe8 18. Bd3 Bf5 19. Ne4 Qa4 20. b3 Qa3+ 21. Kb1 a5 22. Be3 a4 23. b4 Nf6 24. Qc3 Qxc3 25. Nxc3 Bxd3+ 26. Rxd3 h5 27. Rc1 Rf7 28. Rc2 Kh7 29. c5 Ne8 30. Ne4 Bf6 31. Bg5 Kg6 32. cxd6 cxd6 33. Bxf6 Nxf6 34. Nxd6 Rd7 35. Nc4 Rxd5 36. Rxd5 Nxd5 37. Nxe5+ Kf5 38. Nd3 b6 39. a3 Ke4 40. Nc1 Kd4 41. Rd2+ Kc4 42. Kb2 Rf8 43. Rc2+ Kd4 44. Rd2+ Kc4 45. Ne2 Rf5 46. Rd4+ Kb5 47. Rxd5+ Rxd5 48. Nc3+ Kc4 49. Nxd5 Kxd5 50. Kc3 b5 51. Kd3 Ke5 52. Ke3 Kd5 53. f4 gxf3 54. gxf3 Kc4 55. f4 Kd5 56. Kd3 1-0

[Event "AUT-chT2O 0708"]
[Site "Austria"]
[Date "2008.02.16"]
[Round "8.4"]
[White "Schmid, Thomas1111"]
[Black "Schwaninger, Wolfgang"]
[Result "0-1"]
[WhiteElo "2211"]
[BlackElo "2175"]
[PlyCount "52"]
[EventDate "2007.10.20"]
[EventType "team"]
[EventRounds "11"]
[EventCountry "AUT"]
[SourceTitle "EXT 2009"]
[Source "ChessBase"]
[SourceDate "2008.11.26"]
[SourceVersion "1"]
[SourceVersionDate "2008.11.26"]
[SourceQuality "1"]
[WhiteTeam "Stockerau"]
[BlackTeam "Tschaturanga"]
[WhiteTeamCountry "AUT"]
[BlackTeamCountry "AUT"]

1. e4 d6 2. d4 c6 3. Nc3 g6 4. f4 d5 5. e5 h5 6. Nf3 Bf5 7. Be3 e6 8. Be2 b5 9. a4 b4 10. Nb1 a5 11. Nbd2 Nd7 12. 0-0 Nh6 13. h3 Be7 14. Rc1 c5 15. dxc5 Bxc5 16. Bxc5 Nxc5 17. Bb5+ Kf8 18. Nd4 Qb6 19. N2f3 Be4 20. Kh1 Bxf3 21. Rxf3 Ne4 22. Qd3 Rc8 23. Rd1 Qc5 24. g3 Nf5 25. Nxf5 gxf5 26. Kg2 Qxc2+ 0-1

[Event "AUT-chT2O 0708"]
[Site "Austria"]
[Date "2008.01.26"]
[Round "6.4"]
[White "Schwaninger, Wolfgang"]
[Black "Koffler, Daniel"]
[Result "0-1"]
[WhiteElo "2175"]
[BlackElo "2213"]
[PlyCount "78"]
[EventDate "2007.10.20"]
[EventType "team"]
[EventRounds "11"]
[EventCountry "AUT"]
[SourceTitle "EXT 2009"]
[Source "ChessBase"]
[SourceDate "2008.11.26"]
[SourceVersion "1"]
[SourceVersionDate "2008.11.26"]
[SourceQuality "1"]
[WhiteTeam "Tschaturanga"]
[BlackTeam "Nickelsdorf"]
[WhiteTeamCountry "AUT"]
[BlackTeamCountry "AUT"]

1. d4 Nf6 2. Nf3 g6 3. g3 Bg7 4. Bg2 0-0 5. 0-0 d5 6. c4 dxc4 7. Nc3 Nd5 8. e4 Nb6 9. a4 a5 10. Bf4 Na6 11. h3 Nb4 12. Nb5 c6 13. Bc7 Qd7 14. Bxb6 cxb5 15. axb5 Qxb5 16. Bc5 Re8 17. Qe2 Nd3 18. Ba3 Qh5 19. b3 b5 20. bxc4 bxc4 21. Qc2 Bxh3 22. Qxc4 Bxg2 23. Kxg2 Nf4+ 24. gxf4 Qg4+ 25. Kh2 Qxf4+ 26. Kg1 Qg4+ 27. Kh2 Qxf3 28. Bc5 Qxe4 29. Rfe1 Be5+ 30. Kg1 Qg4+ 31. Kf1 Qh3+ 32. Ke2 Bd6 33. Ra3 Qg4+ 34. Rf3 Rf8 35. Rc1 a4 36. Qd5 a3 37. Kf1 Rad8 38. Rxa3 Bxc5 39. Qxc5 Rc8 0-1

[Event "AUT-chT 0607"]
[Site "Austria"]
[Date "2007.03.08"]
[Round "8.2"]
[White "Siebrecht, Sebastian"]
[Black "Schwaninger, Wolfgang"]
[Result "1-0"]
[WhiteElo "2457"]
[BlackElo "2210"]
[PlyCount "41"]
[EventDate "2006.11.03"]
[EventType "team"]
[EventRounds "11"]
[EventCountry "AUT"]
[SourceTitle "EXT 2008"]
[Source "ChessBase"]
[SourceDate "2007.11.25"]
[SourceVersion "1"]
[SourceVersionDate "2007.11.25"]
[SourceQuality "1"]
[WhiteTeam "Baden"]
[BlackTeam "Tschaturanga"]
[WhiteTeamCountry "AUT"]
[BlackTeamCountry "AUT"]

1. e4 d6 2. d4 g6 3. Nc3 c6 4. h3 d5 5. Nf3 h5 6. Bf4 Bg7 7. Qd2 Nh6 8. 0-0-0 dxe4 9. Nxe4 Qd5 10. Nc3 Qa5 11. Bc4 Nd7 12. Kb1 a6 13. Rhe1 e6 14. Bxe6 fxe6 15. Rxe6+ Kf7 16. Ng5+ Kg8 17. Qe2 Qf5 18. Qc4 Nf7 19. Re7 Qxf4 20. Rxf7 Ne5 21. dxe5 1-0

[Event "AUT-chT 0607"]
[Site "Austria"]
[Date "2006.11.05"]
[Round "3"]
[White "Schwaninger, Wolfgang"]
[Black "Teske, Henrik"]
[Result "1-0"]
[WhiteElo "2210"]
[BlackElo "2514"]
[PlyCount "79"]
[EventDate "2006.11.03"]
[EventType "team"]
[EventRounds "11"]
[EventCountry "AUT"]
[SourceTitle "EXT 2007"]
[Source "ChessBase"]
[SourceDate "2006.11.23"]
[SourceVersion "1"]
[SourceVersionDate "2006.11.23"]
[SourceQuality "1"]
[WhiteTeam "Tschaturanga"]
[BlackTeam "Absam"]
[WhiteTeamCountry "AUT"]
[BlackTeamCountry "AUT"]

1. d4 Nf6 2. Nf3 c5 3. c3 e6 4. Bf4 Nc6 5. e3 d5 6. Nbd2 Be7 7. h3 0-0 8. Bd3 b6 9. 0-0 Bb7 10. Qe2 Re8 11. Rfd1 Nd7 12. a3 Bf6 13. Bb5 a6 14. Bxc6 Bxc6 15. e4 e5 16. dxe5 Nxe5 17. Bxe5 Bxe5 18. Nxe5 Rxe5 19. f4 Re6 20. e5 f6 21. Qg4 Qe7 22. Nf3 fxe5 23. Nxe5 Bb7 24. Rd3 Rd8 25. Rad1 a5 26. Kh2 Kh8 27. Re3 Kg8 28. Ng6 Rxe3 29. Nxe7+ Rxe7 30. Rd3 Rf8 31. Qg5 Rf6 32. Rg3 Ref7 33. Qe5 h6 34. h4 Kh8 35. h5 Rf5 36. Qe8+ Kh7 37. Qe6 Rxh5+ 38. Kg1 Rhf5 39. Qg6+ Kh8 40. Re3 1-0

[Event "AUT-chT 0607"]
[Site "Austria"]
[Date "2006.11.03"]
[Round "1"]
[White "Schwaninger, Wolfgang"]
[Black "Kosten, Anthony C"]
[Result "0-1"]
[WhiteElo "2210"]
[BlackElo "2542"]
[PlyCount "60"]
[EventDate "2006.11.03"]
[EventType "team"]
[EventRounds "11"]
[EventCountry "AUT"]
[SourceTitle "EXT 2007"]
[Source "ChessBase"]
[SourceDate "2006.11.23"]
[SourceVersion "1"]
[SourceVersionDate "2006.11.23"]
[SourceQuality "1"]
[WhiteTeam "Tschaturanga"]
[BlackTeam "Holz Dohr"]
[WhiteTeamCountry "AUT"]
[BlackTeamCountry "AUT"]

1. d4 Nf6 2. Nf3 e6 3. Bf4 d5 4. e3 c5 5. Be2 Nc6 6. c3 Bd6 7. Bxd6 Qxd6 8. Nbd2 0-0 9. 0-0 e5 10. dxe5 Nxe5 11. Nxe5 Qxe5 12. Qa4 Bd7 13. Qh4 Rfe8 14. Rfd1 Bf5 15. Nf3 Qc7 16. Bd3 Bd7 17. Rac1 Bc6 18. b3 h6 19. Qg3 Qxg3 20. hxg3 a5 21. c4 Rad8 22. cxd5 Rxd5 23. Bc4 Rxd1+ 24. Rxd1 b5 25. Be2 Ne4 26. Rc1 b4 27. Bd3 Nc3 28. a3 Rd8 29. Bc4 Bxf3 30. gxf3 bxa3 0-1

[Event "Vienna op-A 15th"]
[Site "Vienna"]
[Date "2006.08.06"]
[Round "9"]
[White "Petschar, Hans"]
[Black "Schwaninger, Wolfgang"]
[Result "0-1"]
[WhiteElo "2095"]
[BlackElo "2210"]
[PlyCount "78"]
[EventDate "2006.07.29"]
[EventType "swiss"]
[EventRounds "9"]
[EventCountry "AUT"]
[SourceTitle "CBM 113 Extra"]
[Source "ChessBase"]
[SourceDate "2006.09.14"]
[SourceVersion "1"]
[SourceVersionDate "2006.09.14"]
[SourceQuality "1"]

1. d4 d5 2. c4 c6 3. Nf3 g6 4. Nc3 Bg7 5. Bf4 Nf6 6. h3 0-0 7. e3 Nbd7 8. cxd5 Nxd5 9. Nxd5 cxd5 10. Bd3 Re8 11. 0-0 e5 12. dxe5 Nxe5 13. Nxe5 Bxe5 14. Bxe5 Rxe5 15. Qa4 Qe7 16. Qd4 Rh5 17. Be2 Rg5 18. Kh2 Re5 19. Rac1 Qd6 20. Qc5 Qb8 21. Kg1 Bd7 22. Bf3 Bc6 23. Qd4 Qe8 24. Rfd1 a5 25. Rc5 Qe7 26. Qc3 Qg5 27. Rd4 a4 28. Qd2 Qe7 29. Ra5 Rxa5 30. Qxa5 Rxe3 31. Qd2 Re1+ 32. Kh2 Qe5+ 33. g3 Kg7 34. Kg2 Rb1 35. h4 h5 36. Qc3 f6 37. Qb4 a3 38. b3 Rb2 39. Rd1 Qe3 0-1

[Event "Vienna op-A 15th"]
[Site "Vienna"]
[Date "2006.08.03"]
[Round "6"]
[White "Schwaninger, Wolfgang"]
[Black "Solonar, Stefan"]
[Result "0-1"]
[WhiteElo "2210"]
[BlackElo "2346"]
[PlyCount "70"]
[EventDate "2006.07.29"]
[EventType "swiss"]
[EventRounds "9"]
[EventCountry "AUT"]
[SourceTitle "CBM 113 Extra"]
[Source "ChessBase"]
[SourceDate "2006.09.14"]
[SourceVersion "1"]
[SourceVersionDate "2006.09.14"]
[SourceQuality "1"]

1. d4 Nf6 2. c4 d6 3. g3 g6 4. Bg2 Bg7 5. Nf3 0-0 6. 0-0 Nc6 7. Nc3 a6 8. Bg5 h6 9. Bd2 Rb8 10. d5 Na5 11. b3 c5 12. a4 e6 13. dxe6 Bxe6 14. e4 Nc6 15. Rc1 Qd7 16. Bf4 Rbd8 17. Qd3 g5 18. Be3 Ng4 19. Rcd1 Nb4 20. Qd2 f5 21. exf5 Bxf5 22. Ne1 Nxe3 23. fxe3 Bg4 24. Nf3 Qe6 25. Nd5 Nxd5 26. Qxd5 Qxd5 27. Rxd5 Rde8 28. e4 Rxe4 29. Rxd6 Re3 30. Nd2 Bd4 31. Bd5+ Kg7 32. Kh1 Rxf1+ 33. Nxf1 Rf3 34. Nd2 Rf2 35. h3 Bxh3 0-1

[Event "Vienna op-A 15th"]
[Site "Vienna"]
[Date "2006.07.30"]
[Round "2"]
[White "Schwaninger, Wolfgang"]
[Black "Jethan, Martin"]
[Result "0-1"]
[WhiteElo "2210"]
[BlackElo "2067"]
[PlyCount "102"]
[EventDate "2006.07.29"]
[EventType "swiss"]
[EventRounds "9"]
[EventCountry "AUT"]
[SourceTitle "CBM 113 Extra"]
[Source "ChessBase"]
[SourceDate "2006.09.14"]
[SourceVersion "1"]
[SourceVersionDate "2006.09.14"]
[SourceQuality "1"]

1. Nf3 Nf6 2. d4 e6 3. c4 Bb4+ 4. Bd2 c5 5. Nc3 cxd4 6. Nxd4 0-0 7. e3 d5 8. a3 Be7 9. Qc2 Nc6 10. Nxc6 bxc6 11. Be2 e5 12. 0-0 Be6 13. Rfd1 Qd7 14. b4 Rfd8 15. Qa4 Qb7 16. cxd5 cxd5 17. Ba6 Qb6 18. Rac1 Bc8 19. Bxc8 Raxc8 20. Qb3 Qb8 21. h3 h6 22. b5 d4 23. Ne2 d3 24. Ng3 g6 25. a4 h5 26. Rc4 Rxc4 27. Qxc4 Qb7 28. Ba5 Qd5 29. Qxd5 Rxd5 30. f3 Bc5 31. Kf2 h4 32. Ne4 Nxe4+ 33. fxe4 Rd6 34. Bd2 Ba3 35. Rb1 f5 36. Kf3 Rd7 37. Rb3 Bc5 38. Rc3 Bb6 39. Rc8+ Rd8 40. Rc6 Kf7 41. Rc1 Rd7 42. a5 Bd8 43. Rb1 Rb7 44. Rb3 Ke8 45. Bc3 Bc7 46. exf5 gxf5 47. e4 f4 48. Kg4 Bd8 49. Bxe5 d2 50. Rb1 Rxb5 51. Rd1 Rxe5 0-1

[Event "Zalakaros op 25th"]
[Site "Zalakaros"]
[Date "2006.05.25"]
[Round "7"]
[White "Schwaninger, Wolfgang"]
[Black "Horvath, Gyula"]
[Result "1/2-1/2"]
[WhiteElo "2250"]
[BlackElo "2430"]
[PlyCount "85"]
[EventDate "2006.05.19"]
[EventType "swiss"]
[EventRounds "9"]
[EventCountry "HUN"]
[SourceTitle "EXT 2007"]
[Source "ChessBase"]
[SourceDate "2006.11.23"]
[SourceVersion "1"]
[SourceVersionDate "2006.11.23"]
[SourceQuality "1"]

1. d4 Nf6 2. Nf3 e6 3. Bg5 c5 4. c3 cxd4 5. Nxd4 Be7 6. e3 0-0 7. Bd3 Nc6 8. Nd2 d6 9. Qc2 h6 10. h4 Re8 11. Nxc6 bxc6 12. Bxf6 Bxf6 13. Nf3 e5 14. 0-0-0 d5 15. Bf5 e4 16. Bxc8 Rxc8 17. Nd4 Bxh4 18. Nf5 Bg5 19. c4 Qf6 20. g4 g6 21. Nxh6+ Kg7 22. Nf5+ gxf5 23. gxf5 Qxf5 24. f4 Bf6 25. Rdg1+ Kf8 26. Qa4 dxc4 27. Qa3+ Re7 28. Rg2 c5 29. Rhg1 Rb7 30. Qa6 Bxb2+ 31. Rxb2 Rb6 32. Rxb6 axb6 33. Qxb6 Qe6 34. Qxe6 fxe6 35. Rg5 Ke7 36. Re5 Kd6 37. Rxe4 Ra8 38. Kb2 Ra4 39. Re5 c3+ 40. Kxc3 Rxa2 41. Kb3 Ra5 42. Kc4 Ra3 43. Re4 1/2-1/2

[Event "AUT-chT 0506"]
[Site "Austria"]
[Date "2005.11.20"]
[Round "3"]
[White "Schwaninger, Wolfgang"]
[Black "Hengl, Christian"]
[Result "0-1"]
[WhiteElo "2250"]
[BlackElo "2232"]
[PlyCount "36"]
[EventDate "2005.11.18"]
[EventType "team"]
[EventRounds "11"]
[EventCountry "AUT"]
[SourceTitle "EXT 2006"]
[Source "ChessBase"]
[SourceDate "2005.11.24"]
[SourceVersion "1"]
[SourceVersionDate "2005.11.24"]
[SourceQuality "1"]
[WhiteTeam "Tschaturanga"]
[BlackTeam "Goetzis"]
[WhiteTeamCountry "AUT"]
[BlackTeamCountry "AUT"]

1. d4 f5 2. Nf3 Nf6 3. c4 g6 4. Nc3 d6 5. Bf4 Bg7 6. e3 c6 7. h4 h6 8. Be2 Nbd7 9. Qb3 Qb6 10. Qa3 a5 11. Na4 Qb4+ 12. Qxb4 axb4 13. b3 Ne4 14. Nd2 Nc3 15. Nxc3 bxc3 16. Nb1 e5 17. Bh2 exd4 18. Bd3 Nc5 0-1

[Event "AUT-chT 0506"]
[Site "Austria"]
[Date "2005.11.19"]
[Round "2"]
[White "Sommerbauer, Norbert"]
[Black "Schwaninger, Wolfgang"]
[Result "1-0"]
[WhiteElo "2452"]
[BlackElo "2250"]
[PlyCount "89"]
[EventDate "2005.11.18"]
[EventType "team"]
[EventRounds "11"]
[EventCountry "AUT"]
[SourceTitle "EXT 2006"]
[Source "ChessBase"]
[SourceDate "2005.11.24"]
[SourceVersion "1"]
[SourceVersionDate "2005.11.24"]
[SourceQuality "1"]
[WhiteTeam "Wulkaprodersdorf"]
[BlackTeam "Tschaturanga"]
[WhiteTeamCountry "AUT"]
[BlackTeamCountry "AUT"]

1. e4 c6 2. d4 g6 3. c4 d6 4. Nc3 Bg7 5. Be3 a6 6. Nf3 Bg4 7. h3 Bxf3 8. gxf3 Nd7 9. Qd2 Qa5 10. f4 b5 11. a3 bxc4 12. Bxc4 c5 13. dxc5 Bxc3 14. Qxc3 Qxc3+ 15. bxc3 Nxc5 16. Bd4 f6 17. Bxc5 dxc5 18. Rb1 Nh6 19. Ke2 Nf7 20. Bd5 Rd8 21. Rb6 Nd6 22. Rxa6 Kf8 23. Rb1 e6 24. Rbb6 exd5 25. Rxd6 Rxd6 26. Rxd6 Ke7 27. Rxd5 Ra8 28. Rxc5 Rxa3 29. Rc7+ Ke6 30. h4 h5 31. Rc6+ Kf7 32. Kf3 Ra1 33. Rc7+ Ke6 34. Rc6+ Kf7 35. Kg2 Re1 36. f3 Re2+ 37. Kg3 Kg7 38. Rc7+ Kg8 39. c4 Rc2 40. c5 Re2 41. c6 Rc2 42. Rc8+ Kf7 43. e5 f5 44. c7 Ke7 45. Rg8 1-0

[Event "AUT-ch qual"]
[Site "Gmunden"]
[Date "2005.08.21"]
[Round "9"]
[White "Sepetavc, Walter"]
[Black "Schwaninger, Wolfgang"]
[Result "0-1"]
[WhiteElo "2063"]
[BlackElo "2218"]
[PlyCount "60"]
[EventDate "2005.08.13"]
[EventType "swiss"]
[EventRounds "9"]
[EventCountry "AUT"]
[SourceTitle "CBM 107 Extra"]
[Source "ChessBase"]
[SourceDate "2005.09.01"]
[SourceVersion "1"]
[SourceVersionDate "2005.09.01"]
[SourceQuality "1"]

1. e4 c6 2. c4 g6 3. Nc3 d6 4. g3 Bg7 5. Bg2 c5 6. Nge2 Nc6 7. 0-0 h5 8. h3 Bd7 9. d3 Qc8 10. Kh2 h4 11. g4 f5 12. g5 Nd4 13. Nxd4 cxd4 14. Ne2 e5 15. exf5 Bxf5 16. Qb3 Rb8 17. Qa3 Qc7 18. f4 Ne7 19. Bd2 b6 20. Bb4 Rd8 21. fxe5 Bxe5+ 22. Kh1 Qd7 23. Ng1 0-0 24. Be1 Kg7 25. Qb3 Be6 26. Qc2 Nf5 27. Qd2 Ne3 28. Rxf8 Rxf8 29. Nf3 Bxh3 30. Nxe5 Bxg2+ 0-1

[Event "AUT-ch qual"]
[Site "Gmunden"]
[Date "2005.08.19"]
[Round "7"]
[White "Sandhoefner, Florian"]
[Black "Schwaninger, Wolfgang"]
[Result "1/2-1/2"]
[WhiteElo "2322"]
[BlackElo "2218"]
[PlyCount "31"]
[EventDate "2005.08.13"]
[EventType "swiss"]
[EventRounds "9"]
[EventCountry "AUT"]
[SourceTitle "CBM 107 Extra"]
[Source "ChessBase"]
[SourceDate "2005.09.01"]
[SourceVersion "1"]
[SourceVersionDate "2005.09.01"]
[SourceQuality "1"]

1. e4 c6 2. d4 g6 3. Nc3 d6 4. Be3 Bg7 5. Qd2 b5 6. f3 a6 7. g4 h5 8. g5 Nd7 9. f4 Nb6 10. Nf3 e6 11. Bd3 Ne7 12. 0-0 Qc7 13. Rad1 Nc4 14. Bxc4 bxc4 15. Qe2 a5 16. Nd2 1/2-1/2